[Event "Scarborough CC Spring Swiss U1700"]
[Site "Toronto CAN"]
[Date "2008.04.24"]
[Round "7"]
[White "Jizan, Masoud"]
[Black "Ward, Dean"]
[Result "1-0"]
[WhiteElo "1622"]
[BlackElo "1592"]
[PlyCount "51"]
[GameId "2160767910413223"]
[EventDate "2008.03.13"]
[EventType "swiss"]
[EventRounds "8"]
[EventCountry "CAN"]
[SourceTitle "EXT 2011"]
[Source "ChessBase"]
[SourceDate "2011.11.26"]
[SourceVersion "1"]
[SourceVersionDate "2011.11.26"]
[SourceQuality "1"]

1. e4 c5 2. Nf3 e6 3. Bc4 a6 4. d4 cxd4 5. Nxd4 Qc7 6. Bb3 Nf6 7. Nd2 Bb4 8. c3 Bxc3 9. bxc3 Qxc3 10. Nc2 Nxe4 11. O-O Nc5 12. Rb1 Nxb3 13. Nxb3 O-O 14. Bb2 Qc4 15. Ne3 Qa4 16. Qc2 Nc6 17. Qc3 f6 18. Nc4 Qb4 19. Qxb4 Nxb4 20. Ba3 Nxa2 21. Nb6 Rb8 22. Bd6 Nc3 23. Rb2 Nb5 24. Bxb8 d6 25. Rc1 e5 26. Rxc8 1-0

[Event "Scarborough CC Spring Swiss U1700"]
[Site "Toronto CAN"]
[Date "2008.04.24"]
[Round "7"]
[White "Seedhouse, Jeff"]
[Black "Xia, Linda"]
[Result "1/2-1/2"]
[WhiteElo "1613"]
[BlackElo "1535"]
[PlyCount "145"]
[GameId "2160767910413224"]
[EventDate "2008.03.13"]
[EventType "swiss"]
[EventRounds "8"]
[EventCountry "CAN"]
[SourceTitle "EXT 2011"]
[Source "ChessBase"]
[SourceDate "2011.11.26"]
[SourceVersion "1"]
[SourceVersionDate "2011.11.26"]
[SourceQuality "1"]

1. e4 e5 2. Nf3 Nf6 3. Nxe5 d6 4. Nf3 Nxe4 5. Qe2 Qe7 6. Nc3 Nxc3 7. bxc3 b6 8. Qxe7+ Bxe7 9. Bb5+ c6 10. Ba4 b5 11. Bb3 a5 12. a4 Bb7 13. Nd4 Bf6 14. Nf5 Kd7 15. O-O Ba6 16. Re1 Kc7 17. Bxf7 Rf8 18. Bb3 Bxc3 19. dxc3 Rxf5 20. Re7+ Kb6 21. Be3+ c5 22. Rd1 Nc6 23. Rxd6 bxa4 24. Bxa4 Bb5 25. Bxb5 Kxb5 26. Rb7+ Ka6 27. Rc7 a4 28. Rdxc6+ Kb5 29. Rxc5+ Rxc5 30. Rxc5+ Ka6 31. h4 a3 32. Rd5 a2 33. Rd1 Rb8 34. Rd6+ Kb7 35. Rb6+ Kc7 36. Ra6 Rb1+ 37. Kh2 a1=Q 38. Rxa1 Rxa1 39. Bd4 g6 40. g4 Ra2 41. Kg3 Kd6 42. Kf4 Ra5 43. c4 Ra2 44. c5+ Kc6 45. c3 Rd2 46. Kg5 Re2 47. Kh6 Re7 48. h5 gxh5 49. Kxh5 Re6 50. f4 Rg6 51. f5 Rg8 52. f6 Rf8 53. Kh6 Rf7 54. g5 Kd7 55. g6 hxg6 56. Kxg6 Ke6 57. c6 Rc7 58. c4 Rf7 59. Be5 Ra7 60. Bh2 Rf7 61. c7 Rxf6+ 62. Kg7 Rf7+ 63. Kg8 Rxc7 64. Bxc7 Kd7 65. Ba5 Ke6 66. c5 Kd7 67. Kf8 Kc6 68. Bb6 Kd5 69. Ke7 Kc6 70. Ke6 Kb5 71. Kd6 Ka6 72. Kc7 Kb5 73. c6 1/2-1/2

[Event "Scarborough CC Spring Swiss U1700"]
[Site "Toronto CAN"]
[Date "2008.04.24"]
[Round "7"]
[White "Xie, Peter"]
[Black "Ben Avraham, Mark"]
[Result "1/2-1/2"]
[WhiteElo "1377"]
[BlackElo "1461"]
[PlyCount "101"]
[GameId "2160767910413225"]
[EventDate "2008.03.13"]
[EventType "swiss"]
[EventRounds "8"]
[EventCountry "CAN"]
[SourceTitle "EXT 2011"]
[Source "ChessBase"]
[SourceDate "2011.11.26"]
[SourceVersion "1"]
[SourceVersionDate "2011.11.26"]
[SourceQuality "1"]

1. e4 e5 2. Nf3 Nc6 3. Bb5 a6 4. Ba4 Nf6 5. c3 b5 6. Bc2 d5 7. exd5 Nxd5 8. O-O Be7 9. d4 exd4 10. Nxd4 Nxd4 11. Qxd4 O-O 12. Qd3 Nf6 13. Be3 Qxd3 14. Bxd3 Re8 15. Nd2 Bb7 16. Be2 Rad8 17. Bf3 Bd5 18. Bxd5 Nxd5 19. Nb3 Nxe3 20. fxe3 Bg5 21. a4 Bxe3+ 22. Kh1 Bb6 23. axb5 axb5 24. Rf5 Re2 25. Rb1 Rde8 26. Rff1 Ra8 27. Nd4 Bxd4 28. cxd4 Ra2 29. Rfc1 Raxb2 30. Ra1 Ra2 31. Rab1 Reb2 32. h3 Rxb1 33. Rxb1 c6 34. d5 Ra6 35. dxc6 Rxc6 36. Rxb5 Rc1+ 37. Kh2 g6 38. Rb4 Kg7 39. Rf4 g5 40. Rf3 Kg6 41. Rf2 Rc4 42. g4 Rc5 43. Kg2 f5 44. gxf5+ Rxf5 45. Rxf5 Kxf5 46. Kf3 h5 47. Kg3 h4+ 48. Kf3 Kg6 49. Ke4 Kf6 50. Ke3 Ke6 51. Ke4 1/2-1/2

[Event "Scarborough CC Spring Swiss U1700"]
[Site "Toronto CAN"]
[Date "2008.05.01"]
[Round "8"]
[White "Pishdad, Hassan"]
[Black "Dattani, Dinesh"]
[Result "0-1"]
[WhiteElo "1174"]
[BlackElo "1375"]
[PlyCount "54"]
[GameId "2160767910413226"]
[EventDate "2008.03.13"]
[EventType "swiss"]
[EventRounds "8"]
[EventCountry "CAN"]
[SourceTitle "EXT 2011"]
[Source "ChessBase"]
[SourceDate "2011.11.26"]
[SourceVersion "1"]
[SourceVersionDate "2011.11.26"]
[SourceQuality "1"]

1. e4 e5 2. Nf3 Nc6 3. Nc3 Bc5 4. Bc4 Nf6 5. d3 d6 6. h3 h6 7. O-O O-O 8. Qe2 Bd7 9. Be3 Bxe3 10. Qxe3 a6 11. a3 Ne7 12. d4 Ng6 13. dxe5 dxe5 14. Rad1 c6 15. Na4 b5 16. Nb6 bxc4 17. Nxa8 Qxa8 18. Nd2 Be6 19. c3 Qb7 20. Rb1 Qc8 21. f4 Nxf4 22. Rxf4 exf4 23. Qxf4 Rd8 24. Kf2 Bxh3 25. gxh3 Qxh3 26. Nxc4 Ng4+ 27. Kg1 Rd3 0-1

[Event "Scarborough CC ch"]
[Site "Toronto CAN"]
[Date "2008.01.03"]
[Round "1"]
[White "Fan, Yibing"]
[Black "Casareno, Erwin"]
[Result "0-1"]
[WhiteElo "1866"]
[BlackElo "2371"]
[PlyCount "110"]
[GameId "2160767910557548"]
[EventDate "2008.01.03"]
[EventType "tourn"]
[EventRounds "9"]
[EventCountry "CAN"]
[SourceTitle "EXT 2011"]
[Source "ChessBase"]
[SourceDate "2011.11.26"]
[SourceVersion "1"]
[SourceVersionDate "2011.11.26"]
[SourceQuality "1"]

1. d4 d5 2. c4 c6 3. cxd5 cxd5 4. Nc3 Nc6 5. Nf3 Nf6 6. Bf4 Qb6 7. Na4 Qa5+ 8. Bd2 Qc7 9. g3 e6 10. a3 b5 11. Nc3 Qb6 12. e3 a6 13. b4 Bb7 14. Bd3 Bd6 15. Rc1 O-O 16. Na2 Rfe8 17. O-O e5 18. dxe5 Nxe5 19. Nxe5 Bxe5 20. Bc3 Rad8 21. Bd4 Qe6 22. Qf3 Ne4 23. Qh5 Bxd4 24. exd4 g6 25. Qd1 Qf6 26. Be2 Rc8 27. f3 Nd6 28. g4 Qf4 29. Rc5 Qe3+ 30. Rf2 h5 31. Qc1 hxg4 32. Qxe3 Rxe3 33. fxg4 Ne4 34. Rxc8+ Bxc8 35. Rg2 Rxa3 36. Bd1 Kg7 37. Rc2 Be6 38. Be2 Kh6 39. Kg2 Kg5 40. h3 Kf4 41. Nc1 Ke3 42. Bf3 Kxd4 43. Ne2+ Kd3 44. Rc6 Ke3 45. h4 Nd2 46. h5 gxh5 47. gxh5 Nxf3 48. h6 Ng5 49. Nc3 Kd4 50. Ne2+ Ke5 51. Ng3 d4 52. Rc5+ Bd5+ 53. Kf2 Rf3+ 54. Kg2 Rf6+ 55. Kg1 Rxh6 0-1

[Event "Scarborough CC ch"]
[Site "Toronto CAN"]
[Date "2008.01.03"]
[Round "1"]
[White "Ferreira, Alex"]
[Black "Armstrong, Robert J"]
[Result "0-1"]
[WhiteElo "1989"]
[BlackElo "1839"]
[PlyCount "96"]
[GameId "2160767910557549"]
[EventDate "2008.01.03"]
[EventType "tourn"]
[EventRounds "9"]
[EventCountry "CAN"]
[SourceTitle "EXT 2011"]
[Source "ChessBase"]
[SourceDate "2011.11.26"]
[SourceVersion "1"]
[SourceVersionDate "2011.11.26"]
[SourceQuality "1"]

1. e4 g6 2. h4 h6 3. d4 Bg7 4. Be3 d6 5. Nd2 Nf6 6. Be2 Nbd7 7. c3 c5 8. f4 cxd4 9. cxd4 Qa5 10. Rc1 Nxe4 11. Qc2 Ndf6 12. b4 Qxb4 13. Rb1 Qc3 14. Bb5+ Kf8 15. Qxc3 Nxc3 16. Rb3 Nxa2 17. Nb1 Be6 18. Rb2 Rc8 19. Ne2 b6 20. Bd3 Bd5 21. f5 gxf5 22. Bxf5 e6 23. Bh3 Ne4 24. O-O Ke7 25. Nf4 Nac3 26. Nxc3 Nxc3 27. Rc1 Be4 28. g3 Nd5 29. Nxd5+ Bxd5 30. Rf1 Rc3 31. Re1 Rhc8 32. Bf2 Rc1 33. Rbe2 Rxe1+ 34. Rxe1 Rc4 35. Ra1 a5 36. Rb1 Bxd4 37. Bxd4 Rxd4 38. Rxb6 a4 39. Ra6 Rd1+ 40. Kf2 Ra1 41. g4 Kf6 42. Rxd6 a3 43. Bg2 Ra2+ 44. Kg3 Rxg2+ 45. Kh3 a2 46. Ra6 Rg1 47. Kh2 a1=Q 48. Rxa1 Rxa1 0-1

[Event "Scarborough CC ch"]
[Site "Toronto CAN"]
[Date "2008.01.03"]
[Round "1"]
[White "Ferreira, Alex"]
[Black "Lamb, Bryan"]
[Result "1-0"]
[WhiteElo "1989"]
[BlackElo "2246"]
[PlyCount "88"]
[GameId "2160767910557550"]
[EventDate "2008.01.03"]
[EventType "tourn"]
[EventRounds "9"]
[EventCountry "CAN"]
[SourceTitle "EXT 2011"]
[Source "ChessBase"]
[SourceDate "2011.11.26"]
[SourceVersion "1"]
[SourceVersionDate "2011.11.26"]
[SourceQuality "1"]

1. e4 e6 2. d4 d5 3. Nc3 Bb4 4. e5 c5 5. a3 Bxc3+ 6. bxc3 Qc7 7. Nf3 Nc6 8. Bd3 Nge7 9. O-O Bd7 10. a4 c4 11. Be2 O-O 12. Nh4 f6 13. f4 fxe5 14. fxe5 Rxf1+ 15. Bxf1 Rf8 16. Ba3 Rf7 17. Bd6 Qd8 18. Qe1 Nc8 19. Bc5 Qg5 20. g3 N6e7 21. Bg2 Qh5 22. Qe3 g5 23. Bf3 Qh6 24. Ng2 Qg6 25. Qe2 Qg7 26. a5 Be8 27. Ne3 Kh8 28. Bg4 b6 29. axb6 axb6 30. Bb4 Bd7 31. Bh5 Ng6 32. Ng4 Bc6 33. Nf6 Nce7 34. Bg4 Nf8 35. Rf1 Ng8 36. Nh5 Qg6 37. Bxf8 h6 38. Rxf7 Qxf7 39. Qf2 Qxf2+ 40. Kxf2 Bd7 41. Nf6 Bc8 42. Nxd5 h5 43. Nxb6 hxg4 44. Nxc8 Kh7 1-0

[Event "Scarborough CC ch"]
[Site "Toronto CAN"]
[Date "2008.01.03"]
[Round "1"]
[White "Hall, John2"]
[Black "Yuan, Yuanling"]
[Result "1-0"]
[WhiteElo "2115"]
[BlackElo "2202"]
[PlyCount "47"]
[GameId "2160767910557551"]
[EventDate "2008.01.03"]
[EventType "tourn"]
[EventRounds "9"]
[EventCountry "CAN"]
[SourceTitle "EXT 2011"]
[Source "ChessBase"]
[SourceDate "2011.11.26"]
[SourceVersion "1"]
[SourceVersionDate "2011.11.26"]
[SourceQuality "1"]

1. d4 Nf6 2. c4 g6 3. Nc3 Bg7 4. e4 d6 5. f4 O-O 6. Nf3 c5 7. d5 e6 8. Be2 exd5 9. cxd5 Re8 10. e5 dxe5 11. fxe5 Ng4 12. Bg5 Qa5 13. O-O Nxe5 14. d6 Be6 15. Nd5 Bxd5 16. Qxd5 Nbd7 17. Nxe5 Nxe5 18. d7 Nxd7 19. Rxf7 Bd4+ 20. Kh1 Nb6 21. Rf8+ Kxf8 22. Rf1+ Kg7 23. Qf7+ Kh8 24. Bf6+ 1-0

[Event "Scarborough CC ch"]
[Site "Toronto CAN"]
[Date "2008.01.03"]
[Round "1"]
[White "Sherman, Joshua"]
[Black "Garel, Rick"]
[Result "1/2-1/2"]
[WhiteElo "1849"]
[BlackElo "1878"]
[PlyCount "58"]
[GameId "2160767910557552"]
[EventDate "2008.01.03"]
[EventType "tourn"]
[EventRounds "9"]
[EventCountry "CAN"]
[SourceTitle "EXT 2011"]
[Source "ChessBase"]
[SourceDate "2011.11.26"]
[SourceVersion "1"]
[SourceVersionDate "2011.11.26"]
[SourceQuality "1"]

1. e4 e6 2. d4 d5 3. c4 dxe4 4. Nc3 Nf6 5. f3 Bb4 6. Qa4+ Nc6 7. Be3 Bd7 8. Qc2 exf3 9. Nxf3 Qe7 10. Bd3 O-O-O 11. O-O Ng4 12. Bf2 Nxf2 13. Qxf2 Be8 14. a3 Bc5 15. dxc5 Rxd3 16. Rad1 Rxd1 17. Rxd1 f6 18. b4 Bh5 19. b5 Ne5 20. c6 b6 21. Nxe5 Bxd1 22. Nd7 Bb3 23. c5 bxc5 24. Ne4 Bc4 25. a4 f5 26. Nexc5 Qd6 27. h3 Qd1+ 28. Kh2 Qd6+ 29. Kg1 Qd1+ 1/2-1/2

[Event "Scarborough CC ch"]
[Site "Toronto CAN"]
[Date "2008.01.10"]
[Round "2"]
[White "Casareno, Erwin"]
[Black "Lamb, Bryan"]
[Result "0-1"]
[WhiteElo "2371"]
[BlackElo "2246"]
[PlyCount "60"]
[GameId "2160767910557553"]
[EventDate "2008.01.03"]
[EventType "tourn"]
[EventRounds "9"]
[EventCountry "CAN"]
[SourceTitle "EXT 2011"]
[Source "ChessBase"]
[SourceDate "2011.11.26"]
[SourceVersion "1"]
[SourceVersionDate "2011.11.26"]
[SourceQuality "1"]

1. e4 c5 2. Nf3 d6 3. d4 cxd4 4. Nxd4 Nf6 5. Nc3 g6 6. Be3 Bg7 7. f3 O-O 8. Qd2 Nc6 9. Bc4 Bd7 10. O-O-O Qb8 11. h4 b5 12. Ndxb5 Ne5 13. Be2 Rc8 14. Bh6 Bh8 15. h5 Nc4 16. Bxc4 Rxc4 17. Na3 Rb4 18. b3 a5 19. hxg6 hxg6 20. Nc4 Rxc4 21. bxc4 Nxe4 22. fxe4 Qb4 23. Qd5 Rb8 24. Rd3 Bxc3 25. Rxc3 Qb1+ 26. Kd2 Qxh1 27. Be3 Rb1 28. Qa8+ Kh7 29. Bf2 Qxg2 30. Qa7 Rf1 0-1

[Event "Scarborough CC ch"]
[Site "Toronto CAN"]
[Date "2008.01.10"]
[Round "2"]
[White "Hall, John2"]
[Black "Ferreira, Alex"]
[Result "1-0"]
[WhiteElo "2115"]
[BlackElo "1989"]
[PlyCount "65"]
[GameId "2160767910557554"]
[EventDate "2008.01.03"]
[EventType "tourn"]
[EventRounds "9"]
[EventCountry "CAN"]
[SourceTitle "EXT 2011"]
[Source "ChessBase"]
[SourceDate "2011.11.26"]
[SourceVersion "1"]
[SourceVersionDate "2011.11.26"]
[SourceQuality "1"]

1. d4 d5 2. c4 c6 3. Nc3 Nf6 4. e3 g6 5. Nf3 Bg7 6. Bd3 O-O 7. O-O Bg4 8. h3 Bxf3 9. Qxf3 Nbd7 10. cxd5 cxd5 11. Nxd5 e5 12. Nxf6+ Bxf6 13. d5 Bg7 14. e4 Nc5 15. Bd2 f5 16. Qe2 Qh4 17. f3 Rf7 18. Rac1 Bf8 19. b4 Nxd3 20. Qxd3 Rd8 21. Rc4 b5 22. Rc6 Bd6 23. Rfc1 g5 24. exf5 e4 25. Qxe4 Qg3 26. Qg4 Qh2+ 27. Kf2 h5 28. Qxg5+ Rg7 29. Qxd8+ Kh7 30. Qxd6 Rxg2+ 31. Ke3 Re2+ 32. Kd3 Rxd2+ 33. Kc3 1-0

[Event "Scarborough CC ch"]
[Site "Toronto CAN"]
[Date "2008.01.10"]
[Round "2"]
[White "Yuan, Yuanling"]
[Black "Ferreira, Alex"]
[Result "1-0"]
[WhiteElo "2202"]
[BlackElo "1989"]
[PlyCount "30"]
[GameId "2160767910557555"]
[EventDate "2008.01.03"]
[EventType "tourn"]
[EventRounds "9"]
[EventCountry "CAN"]
[SourceTitle "EXT 2011"]
[Source "ChessBase"]
[SourceDate "2011.11.26"]
[SourceVersion "1"]
[SourceVersionDate "2011.11.26"]
[SourceQuality "1"]

1. e4 c5 2. Nf3 a6 3. d4 cxd4 4. Nxd4 e5 5. Nb3 Nf6 6. Bg5 Bb4+ 7. N1d2 O-O 8. Bd3 d5 9. exd5 Qxd5 10. Bxf6 Qxg2 11. Qh5 e4 12. Bf1 Qf3 13. Qxf3 exf3 14. Bg5 Nc6 15. c3 Bd6 1-0

[Event "Scarborough CC ch"]
[Site "Toronto CAN"]
[Date "2008.01.17"]
[Round "3"]
[White "Ferreira, Alex"]
[Black "Fan, Yibing"]
[Result "1/2-1/2"]
[WhiteElo "1989"]
[BlackElo "1866"]
[PlyCount "119"]
[GameId "2160767910557556"]
[EventDate "2008.01.03"]
[EventType "tourn"]
[EventRounds "9"]
[EventCountry "CAN"]
[SourceTitle "EXT 2011"]
[Source "ChessBase"]
[SourceDate "2011.11.26"]
[SourceVersion "1"]
[SourceVersionDate "2011.11.26"]
[SourceQuality "1"]

1. Nf3 c5 2. c4 Nf6 3. Nc3 Nc6 4. g3 g6 5. Bg2 Bg7 6. d3 d6 7. O-O O-O 8. a3 Bd7 9. Rb1 a5 10. h3 Qc8 11. Kh2 Nd8 12. Be3 Rb8 13. Qd2 Bc6 14. Bh6 b6 15. Bxg7 Kxg7 16. d4 h5 17. d5 Bd7 18. e4 Rh8 19. Ng5 Ng4+ 20. hxg4 hxg4+ 21. Kg1 f6 22. Ne6+ Bxe6 23. dxe6 Nxe6 24. Ne2 Ng5 25. f4 Nf3+ 26. Bxf3 gxf3 27. Rxf3 Qh3 28. Kf2 Qh2+ 29. Ke3 b5 30. cxb5 Rxb5 31. Nc3 Qxd2+ 32. Kxd2 Rh2+ 33. Ne2 c4 34. Rc3 d5 35. exd5 Rxd5+ 36. Ke3 e5 37. Rxc4 exf4+ 38. Nxf4 Re5+ 39. Re4 Rb5 40. b4 Ra2 41. Rb3 Ra1 42. Ne2 f5 43. Rc4 Re5+ 44. Kf2 Ra2 45. Re3 Rxe3 46. Kxe3 Rxa3+ 47. Kf2 axb4 48. Rxb4 Ra2 49. Rb3 g5 50. Rb6 Kf7 51. Ke3 Ra3+ 52. Kd4 f4 53. gxf4 gxf4 54. Nxf4 Ra4+ 55. Ke5 Ra5+ 56. Nd5 Ra7 57. Rd6 Ra1 58. Rd7+ Kf8 59. Ne3 Re1 60. Ke4 1/2-1/2

[Event "Scarborough CC ch"]
[Site "Toronto CAN"]
[Date "2008.01.17"]
[Round "3"]
[White "Hall, John2"]
[Black "Casareno, Erwin"]
[Result "1/2-1/2"]
[WhiteElo "2115"]
[BlackElo "2371"]
[PlyCount "109"]
[GameId "2160767910557557"]
[EventDate "2008.01.03"]
[EventType "tourn"]
[EventRounds "9"]
[EventCountry "CAN"]
[SourceTitle "EXT 2011"]
[Source "ChessBase"]
[SourceDate "2011.11.26"]
[SourceVersion "1"]
[SourceVersionDate "2011.11.26"]
[SourceQuality "1"]

1. d4 d5 2. c4 c6 3. Nc3 Nf6 4. e3 a6 5. Nf3 b5 6. b3 Bf5 7. a4 b4 8. Na2 e6 9. Bd2 a5 10. cxd5 cxd5 11. Bb5+ Nbd7 12. Rc1 Rc8 13. Ne5 Bd6 14. g4 Bxe5 15. gxf5 Bd6 16. fxe6 fxe6 17. Rxc8 Qxc8 18. Qc1 O-O 19. Qxc8 Rxc8 20. Bd3 e5 21. dxe5 Nxe5 22. Bf5 Rc5 23. Ke2 g6 24. Be6+ Kf8 25. Rc1 Ke7 26. Rxc5 Bxc5 27. Bc8 Ne4 28. Be1 d4 29. exd4 Bxd4 30. f4 Nd6 31. Bh4+ Ke8 32. Be6 Nd7 33. Bd5 Nf5 34. Bf2 Nc5 35. Nc1 Ke7 36. Bxd4 Nxd4+ 37. Ke3 Nf5+ 38. Kd2 Kd6 39. Bg8 h6 40. Bf7 g5 41. fxg5 hxg5 42. Nd3 Ne4+ 43. Ke2 Nf6 44. Kf3 Nd4+ 45. Ke3 Nc6 46. Kf3 Ne5+ 47. Nxe5 Kxe5 48. Kg3 Kd4 49. Kf3 Kc3 50. Be6 Kd3 51. Bf5+ Kd4 52. Be6 Kc3 53. Ke3 Nh5 54. Kf3 Nf6 55. Ke3 1/2-1/2

[Event "Scarborough CC ch"]
[Site "Toronto CAN"]
[Date "2008.01.17"]
[Round "3"]
[White "Lamb, Bryan"]
[Black "Garel, Rick"]
[Result "0-1"]
[WhiteElo "2246"]
[BlackElo "1878"]
[PlyCount "102"]
[GameId "2160767910557558"]
[EventDate "2008.01.03"]
[EventType "tourn"]
[EventRounds "9"]
[EventCountry "CAN"]
[SourceTitle "EXT 2011"]
[Source "ChessBase"]
[SourceDate "2011.11.26"]
[SourceVersion "1"]
[SourceVersionDate "2011.11.26"]
[SourceQuality "1"]

1. e4 c5 2. Nf3 d6 3. c3 Nf6 4. Bd3 Nc6 5. Bc2 Bg4 6. h3 Bh5 7. Qe2 Qa5 8. g4 Bg6 9. d3 O-O-O 10. Nbd2 d5 11. a3 e6 12. b4 Qc7 13. Nb3 c4 14. dxc4 Bxe4 15. Bxe4 dxe4 16. Ng5 Ne5 17. Nxe4 Nd3+ 18. Kf1 Qxc4 19. Nbd2 Qc6 20. f3 Nxe4 21. Nxe4 f5 22. Bg5 fxe4 23. Bxd8 Kxd8 24. Qxe4 Qxe4 25. fxe4 Ne5 26. Rd1+ Kc7 27. Ke2 Be7 28. Rhg1 Nc4 29. a4 Bf6 30. g5 Be7 31. Rgf1 Ne5 32. h4 h6 33. Rh1 hxg5 34. hxg5 Rxh1 35. Rxh1 Bxg5 36. Rh7 Bf6 37. Kd2 Kc6 38. Rh3 b6 39. Kc2 a5 40. Kb3 g5 41. Rg3 g4 42. c4 Bh4 43. Rg2 g3 44. c5 axb4 45. cxb6 Kxb6 46. Kxb4 Nd3+ 47. Kc4 Ne1 48. Rb2+ Kc6 49. a5 g2 50. Rxg2 Nxg2 51. a6 Bf2 0-1

[Event "Scarborough CC ch"]
[Site "Toronto CAN"]
[Date "2008.01.17"]
[Round "3"]
[White "Moysoski, Randy"]
[Black "Armstrong, Robert J"]
[Result "1-0"]
[WhiteElo "1845"]
[BlackElo "1839"]
[PlyCount "111"]
[GameId "2160767910557559"]
[EventDate "2008.01.03"]
[EventType "tourn"]
[EventRounds "9"]
[EventCountry "CAN"]
[SourceTitle "EXT 2011"]
[Source "ChessBase"]
[SourceDate "2011.11.26"]
[SourceVersion "1"]
[SourceVersionDate "2011.11.26"]
[SourceQuality "1"]

1. e4 g6 2. d4 Bg7 3. Be3 d6 4. f4 Nf6 5. Nc3 Ng4 6. Bc1 O-O 7. h3 Nf6 8. Nf3 c5 9. dxc5 Qa5 10. Bd3 Qxc5 11. Qe2 Nc6 12. a3 Qb6 13. Qe3 Qa5 14. O-O Qh5 15. Be2 Qc5 16. g4 a6 17. Qxc5 dxc5 18. Be3 Nd7 19. f5 Nd4 20. Bxd4 Bxd4+ 21. Nxd4 cxd4 22. Nd5 Kg7 23. Rad1 Nf6 24. Rxd4 Nxd5 25. Rxd5 b5 26. Bd3 e6 27. Rc5 Ra7 28. Kh2 exf5 29. gxf5 Rd7 30. h4 Bb7 31. Kg3 Re8 32. Rf4 Kh8 33. fxg6 hxg6 34. h5 Kg7 35. hxg6 fxg6 36. Rg4 Rde7 37. Kf3 Re5 38. Rc7+ R8e7 39. Rxe7+ Rxe7 40. Ke3 Kh6 41. Rh4+ Kg5 42. Rh8 Kg4 43. Rg8 g5 44. Be2+ Kh4 45. Bf3 Rf7 46. Rg6 Bc8 47. Rc6 g4 48. Be2 Bb7 49. Rg6 Bc8 50. Rg8 Bd7 51. Rh8+ Kg3 52. Rh6 Kg2 53. e5 g3 54. e6 Re7 55. Bf3+ Kg1 56. Rh1# 1-0

[Event "Scarborough CC ch"]
[Site "Toronto CAN"]
[Date "2008.01.17"]
[Round "3"]
[White "Sherman, Joshua"]
[Black "Yuan, Yuanling"]
[Result "1-0"]
[WhiteElo "1849"]
[BlackElo "2202"]
[PlyCount "64"]
[GameId "2160767910557560"]
[EventDate "2008.01.03"]
[EventType "tourn"]
[EventRounds "9"]
[EventCountry "CAN"]
[SourceTitle "EXT 2011"]
[Source "ChessBase"]
[SourceDate "2011.11.26"]
[SourceVersion "1"]
[SourceVersionDate "2011.11.26"]
[SourceQuality "1"]

1. e4 c5 2. Nf3 d6 3. d4 cxd4 4. Nxd4 Nf6 5. Nc3 g6 6. Bg5 Bg7 7. Bb5+ Bd7 8. Qe2 a6 9. Bxd7+ Nbxd7 10. O-O-O Rc8 11. f4 Qa5 12. Nb3 Qc7 13. Rhe1 Ng8 14. Nd5 Qc6 15. Rd3 Nb6 16. Nxb6 Qxb6 17. e5 dxe5 18. fxe5 Qe6 19. Kb1 Nh6 20. Qd2 Ng4 21. Nc5 Qc6 22. Nd7 h5 23. h3 Nh6 24. Rd1 Qc7 25. Nf6+ Bxf6 26. exf6 Nf5 27. fxe7 Nxe7 28. Bxe7 f6 29. Rc3 Kf7 30. Rxc7 Rxc7 31. Qd5+ Kg7 32. Bxf6+ Kh6 1-0

[Event "Scarborough CC ch"]
[Site "Toronto CAN"]
[Date "2008.01.24"]
[Round "4"]
[White "Armstrong, Robert J"]
[Black "Lamb, Bryan"]
[Result "0-1"]
[WhiteElo "1839"]
[BlackElo "2246"]
[PlyCount "34"]
[GameId "2160767910557561"]
[EventDate "2008.01.03"]
[EventType "tourn"]
[EventRounds "9"]
[EventCountry "CAN"]
[SourceTitle "EXT 2011"]
[Source "ChessBase"]
[SourceDate "2011.11.26"]
[SourceVersion "1"]
[SourceVersionDate "2011.11.26"]
[SourceQuality "1"]

1. d4 Nf6 2. c4 e6 3. Nf3 b6 4. e3 Bb7 5. Bd3 Ne4 6. O-O f5 7. Nc3 Bb4 8. Ne2 O-O 9. a3 Bd6 10. b4 c5 11. bxc5 bxc5 12. Qb3 Ba6 13. d5 Qf6 14. Bb2 Qh6 15. dxe6 Nd2 16. Qc3 Nxf3+ 17. gxf3 Qxh2# 0-1

[Event "Scarborough CC ch"]
[Site "Toronto CAN"]
[Date "2008.01.24"]
[Round "4"]
[White "Casareno, Erwin"]
[Black "Garel, Rick"]
[Result "1-0"]
[WhiteElo "2371"]
[BlackElo "1878"]
[PlyCount "61"]
[GameId "2160767910557562"]
[EventDate "2008.01.03"]
[EventType "tourn"]
[EventRounds "9"]
[EventCountry "CAN"]
[SourceTitle "EXT 2011"]
[Source "ChessBase"]
[SourceDate "2011.11.26"]
[SourceVersion "1"]
[SourceVersionDate "2011.11.26"]
[SourceQuality "1"]

1. e4 c5 2. Nf3 d6 3. d4 cxd4 4. Nxd4 Nf6 5. Nc3 a6 6. Be3 e6 7. f3 Be7 8. Qd2 O-O 9. O-O-O b5 10. g4 Bb7 11. g5 Nfd7 12. h4 Qa5 13. Kb1 b4 14. Nce2 Ne5 15. Nb3 Qa4 16. Ned4 Nbc6 17. h5 Nxd4 18. Nxd4 Nxf3 19. Nxf3 Bxe4 20. Rh3 Rac8 21. Bd3 Bxd3 22. Qxd3 Rc7 23. g6 f5 24. gxh7+ Kxh7 25. h6 g6 26. Bg5 Bf6 27. Bxf6 Rxf6 28. Ng5+ Kh8 29. Rd2 e5 30. Qd5 Qc6 31. Qxe5 1-0

[Event "Scarborough CC ch"]
[Site "Toronto CAN"]
[Date "2008.01.24"]
[Round "4"]
[White "Garel, Rick"]
[Black "Ferreira, Alex"]
[Result "0-1"]
[WhiteElo "1878"]
[BlackElo "1989"]
[PlyCount "45"]
[GameId "2160767910557563"]
[EventDate "2008.01.03"]
[EventType "tourn"]
[EventRounds "9"]
[EventCountry "CAN"]
[SourceTitle "EXT 2011"]
[Source "ChessBase"]
[SourceDate "2011.11.26"]
[SourceVersion "1"]
[SourceVersionDate "2011.11.26"]
[SourceQuality "1"]

1. e4 c5 2. Nf3 a6 3. d4 cxd4 4. Nxd4 e5 5. Nf3 Nf6 6. Bc4 Qc7 7. Qe2 b5 8. Bb3 Bb7 9. Bg5 Nxe4 10. Nbd2 Nxg5 11. Nxg5 d5 12. Qf3 Nc6 13. Bxd5 Nd4 14. Bxf7+ Ke7 15. Qa3+ Kd8 16. Qd3 Qxc2 17. Qh3 Bb4 18. Rd1 Bxd2+ 19. Rxd2 Qc1+ 20. Rd1 Qxg5 21. f4 Qxf4 22. Rf1 Qe4+ 23. Kf2 0-1

[Event "Scarborough CC ch"]
[Site "Toronto CAN"]
[Date "2008.01.31"]
[Round "5"]
[White "Ferreira, Alex"]
[Black "Casareno, Erwin"]
[Result "0-1"]
[WhiteElo "1989"]
[BlackElo "2371"]
[PlyCount "84"]
[GameId "2160767910557564"]
[EventDate "2008.01.03"]
[EventType "tourn"]
[EventRounds "9"]
[EventCountry "CAN"]
[SourceTitle "EXT 2011"]
[Source "ChessBase"]
[SourceDate "2011.11.26"]
[SourceVersion "1"]
[SourceVersionDate "2011.11.26"]
[SourceQuality "1"]

1. e4 c5 2. Nf3 d6 3. d4 cxd4 4. Nxd4 Nf6 5. Nc3 a6 6. a4 e5 7. Nf3 h6 8. Bc4 Be7 9. O-O Qc7 10. Qe2 O-O 11. Be3 Nbd7 12. Nh4 Nb6 13. Ng6 Re8 14. Nxe7+ Rxe7 15. Bb3 Be6 16. Bxb6 Qxb6 17. Bxe6 fxe6 18. Rab1 Rc8 19. Kh1 Qb4 20. f3 d5 21. Nd1 Qxa4 22. c3 d4 23. b3 Qc6 24. c4 b5 25. Nb2 Rb7 26. Nd3 bxc4 27. Nxe5 d3 28. Qa2 cxb3 29. Rxb3 Qc2 30. Rb2 Rxb2 31. Qxe6+ Kh8 32. Ng6+ Kh7 33. Nh4 Rb1 34. Qf5+ Kg8 35. Qe6+ Kh8 36. Rg1 Rxg1+ 37. Kxg1 Qc5+ 38. Kf1 Qc1+ 39. Kf2 Qd2+ 40. Kg3 Nh5+ 41. Kh3 Nf4+ 42. Kg3 Nxe6 0-1